000 01142nam a2200289 a 4500
001 BRCA_8437
005 20190320210259.0
008 800918s1989####sp-a#####b---#000-u#spa-#
020 _a8433005480 (Obra completa)
041 _aspa
044 _asp
050 4 _aPQ6323
_b.C47 1989
100 1 _aCervantes Saavedra, Miguel de
_d1547-1616.
_9213
245 1 0 _aEl Ingenioso Hidalgo Don Quijote de la Mancha
_bhomenaje a Miguel de Cervantes por Gregorio Prieto
_cMiguel de Cervantes Saavedra ; ilustrado por Gregorio Prieto ; revisión y notas de Federico de Onis y Antonio G. Solalinde.
260 _aBilbao, España
_bAsuri
_c1989
300 _a2 v.
_bil. (algunas a color)
_c31 cm.
500 _aLibros adquiridos por compra
650 1 4 _aNovela española
_yÉpoca clásica, 1500-1700
_9215
650 1 4 _aLiteratura española
_yÉpoca clásica, 1500-1700
_9216
650 1 4 _aNovela española
_ySiglo XVII
_9217
650 1 4 _aDon Quijote (Personaje ficticio)
_vNovela
_911664
700 1 _aPrieto, Gregorio
_eil.
_921126
700 1 _aOnis, Federico de
_921127
700 1 _aSolalinde, Antonio G.
_921128
902 _aQAG
942 _2lcc
_cB
999 _c8104
_d8104